| 000 | 01054nam a2200265 i 4500 | ||
|---|---|---|---|
| 001 | bg | ||
| 003 | BPK | ||
| 005 | 20210816091137.0 | ||
| 008 | s1996 pl f |000 0 pol | ||
| 020 | _a837092008X | ||
| 040 | _cBPK | ||
| 041 | 1 |
_apol _hger |
|
| 080 | _a165 | ||
| 080 | _a801.7 | ||
| 100 | 1 | _aFunke, Gerhard. | |
| 245 | 1 | 0 |
_aHermeneutyka i język / _cGerhard Funke ; wyboru dokonał, przełożył i wstępem poprzedził Bolesław Andrzejewski ; Uniwersytet im. Adama Mickiewicza w Poznaniu. Wydawnictwo Naukowe Instytutu Filozofii. |
| 260 |
_aPoznań : _bWydaw. Naukowe IF UAM, _c1996. |
||
| 300 |
_a136 s. ; _c21 cm. |
||
| 500 | _aU góry s. tyt. nr kolejny wydaw.: t. 17. - Tekst tł. z niem. | ||
| 650 | 4 | _aHermeneutyka | |
| 710 | 0 |
_aUniwersytet im. Adama Mickiewicza (Poznań). _bInstytut Filozofii. _bWydawnictwo. _4pbl. |
|
| 700 | 1 |
_aAndrzejewski, Bolesław _d(1946- ) _eWybór |
|
| 942 |
_cKS _2UKD |
||
| 856 |
_uhttp://koha.tu.koszalin.pl/cgi-bin/koha/opac-detail.pl?biblionumber=45563 _yKatalog online BPK |
||
| 999 |
_c45563 _d45563 |
||